000 00369nam a2200145 i 4500
001 20831
003 ES-MaACL
007 t|
008 021119s1922 fr ||||1| fre d
100 1 _aAlain-Fournier.
_919083
245 1 3 _aLe grand meaulnes /
_cAlain-Fournier.
260 _aParĂ­s :
_bEmile Paul,
_c1922.
300 _a363 p. ;
_c19 cm.
852 _aES-MaACL
_jG-3413
999 _c20831
_d20831